Obálka Náhled e-knihy:
PDF Epub
Pro půjčování e-knih musíte být přihlášeni.
Jak si půjčit online?

Zaklínač IV Čas opovrhnutia /

Vojská Nilfgaardu nezastaviteľne postupujú a čarodeji už nie sú ochotní nečinne sa prizerať. Snem, na ktorý smerujú Geralt, Ciri a Yennefer, má rozhodnúť o ďalšom osude sveta. V Geraltovi sa stupňuje nepríjemný pocit. Toľko čarodejnej moci na jednom mieste môže uvrhnúť noc stretnutia do čistého chao...

Celý popis

Uloženo v:
Série:Zaklínač (SK), část 4
Hlavní autor: Sapkowski, Andrzej (Autor)
Médium: E-kniha
Jazyk:Czech
Vydáno: Praha : Albatros Media Slovakia s.r.o., 2023
Příbuzné jednotky:Z cyklu:: Zaklínač (SK)
Tagy:
Žádné tagy
LEADER 01555nam a22002417i 4500
001 311930
007 ta
008 260601s2023 xr ||||| |||| 00| 0 cze d
020 |a 9788056625996 
044 |a xr 
100 1 |a  Sapkowski, Andrzej  |4 aut 
245 1 0 |a Zaklínač IV Čas opovrhnutia /  |c  Sapkowski, Andrzej 
240 1 0 |a Czas pogardy 
264 1 |a Praha :  |b Albatros Media Slovakia s.r.o.,  |c 2023 
300 |a 1 online zdroj (360 stran) 
336 |a text  |b txt  |2 rdacontent 
337 |a bez média  |b n  |2 rdamedia 
338 |a online zdroj  |b cr  |2 rdacarrier 
520 2 |a Vojská Nilfgaardu nezastaviteľne postupujú a čarodeji už nie sú ochotní nečinne sa prizerať. Snem, na ktorý smerujú Geralt, Ciri a Yennefer, má rozhodnúť o ďalšom osude sveta. V Geraltovi sa stupňuje nepríjemný pocit. Toľko čarodejnej moci na jednom mieste môže uvrhnúť noc stretnutia do čistého chaosu. Rozutekajú sa životné cesty osudom prepletenej trojice do celkom iných smerov? Zradili čarodeji svoje kráľovstvá alebo je za tým väčší plán? 
787 0 8 |g 4  |i Z cyklu:  |t Zaklínač (SK) 
910 |a RBIT002 
998 |d 375668  |a https://core.palmknihy.cz/api/books/375668/cover?sdq9xj  |b https://core.palmknihy.cz/api/books/375668/cover/400?sdq9xj  |c https://core.palmknihy.cz/api/books/375668/cover/50?sdq9xj  |e 2029-12-31  |g 360  |i 9788056625996  |j https://core.palmknihy.cz/api/books/375668/preview.epub  |k https://core.palmknihy.cz/api/books/375668/preview.pdf  |l   |q 49  |r 1  |s https://www.palmknihy.cz/kniha/375668  |t ebook  |y 2023  |z 1  |v Zaklínač (SK)  |w 4 
999 |d 311928